Βιώσιμη τουριστική ανάπτυξη και τουριστική εκπαίδευση στη Ρόδο : διπλωματική εργασία [μεταπτυχιακή εργασία]
Αποθηκεύτηκε σε:
| Κύριος συγγραφέας: | |
|---|---|
| Συγγραφή απο Οργανισμό/Αρχή: | |
| Άλλοι συγγραφείς: | |
| Μορφή: | Thesis Βιβλίο |
| Γλώσσα: | Greek |
| Δημοσίευση: |
2017.
|
| Θέματα: | |
| Διαθέσιμο Online: | http://hdl.handle.net/11610/17670 |
| Ετικέτες: |
Προσθήκη ετικέτας
Δεν υπάρχουν, Καταχωρήστε ετικέτα πρώτοι!
|
MARC
| LEADER | 00000cam a2200000 a 4500 | ||
|---|---|---|---|
| 001 | 1/115148 | ||
| 008 | 171004s2017####gr | ||| |||| ||gre|| | ||
| 040 | |a GR-MyUa |b gre |c GR-MyUa |e AACR2 | ||
| 041 | 0 | |a gre | |
| 082 | 7 | |a 338.4791 |2 (23) | |
| 100 | 1 | |a Χαραλάμπους, Ελένη. | |
| 245 | 1 | 0 | |a Βιώσιμη τουριστική ανάπτυξη και τουριστική εκπαίδευση στη Ρόδο : |b διπλωματική εργασία [μεταπτυχιακή εργασία] / |c Χαραλάμπους Ελένη ; επιβλέπουσα καθηγήτρια: Φώκιαλη Περσεφόνη. |
| 260 | |c 2017. | ||
| 300 | |a 180 σ. : |b πίν., διαγρ. ; |c 30 εκ. | ||
| 500 | |a Υπάρχει ψηφιακό αντίγραφο. | ||
| 500 | |a Μέλη εξεταστικής επιτροπής: Ανδρεαδάκης Νικόλαος, Παπαβασιλείου Βασίλειος. | ||
| 502 | |a Διατριβή (μεταπτυχιακή) – Πανεπιστήμιο Αιγαίου, Ρόδος, 2017. | ||
| 504 | |a Βιβλιογραφία: σ. 122-126. | ||
| 506 | 1 | |a Διάθεση μόνο λέξεων κλειδιών - περιλήψεων. | |
| 650 | 0 | |a Tourism |z Greece |z Rhodes (Island) | |
| 650 | 0 | |a Tourism |x Economic aspects |z Greece |z Rhodes (Island) | |
| 650 | 0 | |a Tourism |x Study and teaching. | |
| 651 | 0 | |a Rhodes (Greece : Island) | |
| 700 | 1 | |a Φώκιαλη, Περσεφόνη, |e dgsf | |
| 710 | 2 | |a Πανεπιστήμιο Αιγαίου |b Σχολή Ανθρωπιστικών Επιστημών |b Τμήμα Επιστημών της Προσχολικής Αγωγής και του Εκπαιδευτικού Σχεδιασμού |b Πρόγραμμα Μεταπτυχιακών Σπουδών Περιβαλλοντική Εκπαίδευση. | |
| 852 | |a INST |b RHODES |c DIATR |e 20171004 |h 338.4791 ΧΑΡ |p 005400039584 |q 005400039584 |t MTXE |y 23 | ||
| 856 | |u http://hdl.handle.net/11610/17670 | ||
| 924 | |a Χαραλάμπους |b Ελένη |y Ρόδος |z 2017-06 | ||
| 970 | |z 04-10-2017 | ||